| 000 | 00776nam a22002297a 4500 | ||
|---|---|---|---|
| 001 | 002 | ||
| 003 | OSt | ||
| 005 | 20251015084156.0 | ||
| 008 | 250127b |||||||| |||| 00| 0 eng d | ||
| 010 | _a2012950268 | ||
| 020 | _a 978-1-61795-088-9 | ||
| 040 |
_bEnglish _cKARL KUMM UNIVERSITY |
||
| 100 |
_aFeinberg, Margaret _qFeinberg, Margaret |
||
| 245 |
_aWonderstruck : _bAwaken to the Nearness of God/ _cMargaret Feinberg |
||
| 250 | _aFirst Edition : | ||
| 260 |
_aBrentwood, Tennessee 37027 _bWorthy Publishing/ _c2012 |
||
| 300 |
_ax, 149 pages; _beBOOK/ _c31 cm |
||
| 600 |
_2RELIGION _aFeinberg, Margaret _qMargaret Feinberg _tAwaken to the Nearness of God : Wonderstruck |
||
| 650 | _2RELIGION | ||
| 700 |
_aFeinberg, Margaret _qFeinberg, Margaret |
||
| 942 |
_2lcc _cBK _eFirst _n0 |
||
| 999 |
_c8 _d8 |
||